000 00658nam a2200205 a 4500
999 _c2774
_d2774
001 2774
003 BD-JhCC
005 20171106185218.0
008 171106b1974 bg ||||| |||| 00| 0 ben d
035 _a(BD-JhCC)
040 _aBD-JhCC
_dBD-JhCC
041 _aben
082 _a891.443
_bRAH 1974
100 _aরহমান, হাসান হাফিজুর
245 _aদক্ষিণের জানালা /
_cহাসান হাফিজুর রহমান
260 _aঢাকা:
_bমুক্তধারা ;
_c১৯৭৪
300 _a১৩৭ পৃ.;
_c২২ সেমি
650 _aBengali novel
942 _2ddc
_cBK